Brain Stew- Green Day - Statistics

General Stats
  • This quiz has been taken 78 times
  • The average score is 103 of 134
Answer Stats
Answer % Correct
I
100%
I'm
98%
A
95%
go
95%
in
95%
my
95%
My
95%
try
95%
havin'
93%
On
93%
on
93%
out
93%
sleep
93%
to
93%
trouble
93%
tryin'
93%
we
93%
countin'
91%
here
91%
runnin'
88%
sheep,
88%
own,
86%
The
86%
the
86%
is
84%
mind
84%
still
81%
face
79%
for
79%
No
79%
numb
79%
but
77%
As
74%
eyes
74%
feel
74%
time
74%
by,
72%
like
72%
ticks
72%
bleed
70%
they're
70%
gonna
67%
rest
67%
and
65%
room
65%
overdrive
63%
laughin'
60%
of
58%
set
58%
clock
56%
skull
53%
delirium
51%
dry,
51%
mouth
51%
point
51%
spine,
51%
up
51%
at
47%
bulgin'
47%
crooked
47%
spun
44%
Fucked
40%
senses
40%
cross-tops
37%
dulled
30%
Dried
26%
Past
26%
No matching quizzes found
Score Distribution
Percent of People with Each Score
Percentile by Number Answered
Your Score History
You have not taken this quiz